书目信息 |
| 题名: |
欧美比较行政法
|
|
| 作者: | 西尔登 , 斯特罗因克 著 ;伏创宇 , 刘国乾 , 李国兴 译 | |
| 分册: | ||
| 出版信息: | 北京 中国人民大学出版社 2013.11 |
|
| 页数: | 401页 | |
| 开本: | 24cm | |
| 丛书名: | 法学译丛 | |
| 单 册: | ||
| 中图分类: | D912.104 | |
| 科图分类: | ||
| 主题词: | 行政法--对比研究--世界 , 行政法 | |
| 电子资源: | ||
| ISBN: | 978-7-300-17087-9 | |
| 000 | 01616oam2 2200349 450 | |
| 001 | 519 | |
| 005 | 20140905102340.01 | |
| 010 | @a978-7-300-17087-9@dCNY75.00 | |
| 100 | @a20131114d2013 em y0chiy0110 ea | |
| 101 | 1 | @achi@cdut |
| 102 | @aCN@b110000 | |
| 105 | @ay z 000yy | |
| 106 | @ar | |
| 200 | 1 | @a欧美比较行政法@AOu Mei Bi Jiao Xing Zheng Fa@f(荷)靳内·J·G·西尔登(Rene J. G. H. Seerden),(荷)弗里茨·斯特罗因克(F. Stroink)著@F( He ) Jin Nei· J·G· Xi Er Deng (Rene J. G. H. Seerden),( He ) Fu Li Ci· Si Te Luo Yin Ke (F. Stroink) Zhu@g伏创宇等译 |
| 210 | @a北京@c中国人民大学出版社@d2013.11 | |
| 215 | @a401页@d24cm | |
| 225 | 2 | @a法学译丛@i公法系列 |
| 300 | @a“十二五”国家重点图书出版规划 | |
| 312 | @a封面英文题名:Administrative law of the european union, its member states and the united states a comparative analysis | |
| 330 | @a本书采用了比较分析的视角,对比利时、法国、德国、荷兰、英国、欧盟和美国的行政法进行了研究。内容包括比利时行政法——萨宾·勒斯特;法国行政法——琼·伯纳德·奥比等。 | |
| 461 | 0 | @12001 @a法学译丛@i公法系列 |
| 510 | 1 | @aAdministrative law of the european union, its member states and the united states a comparative analysis@zeng |
| 606 | 0 | @a行政法@x对比研究@y世界 |
| 606 | 0 | @a行政法 |
| 690 | @aD912.104@v5 | |
| 701 | 0 | @c(荷)@a西尔登@AXi Er Deng@c(Seerden, Rene J.G.H.)@4著 |
| 701 | 0 | @c(荷)@a斯特罗因克@ASi Te Luo Yin Ke@c(Stroink, F.)@4著 |
| 702 | 0 | @a伏创宇@AFu Chuang Yu@4译 |
| 702 | 0 | @a刘国乾@ALiu Guo Qian@4译 |
| 702 | 0 | @a李国兴@ALi Guo Xing@4译 |
| 801 | 0 | @aCN@bTANGWEI@c20140603 |
| 905 | @b0838177-79@dD912.104@e518@f3 | |
| 欧美比较行政法/(荷)靳内·J·G·西尔登(Rene J. G. H. Seerden),(荷)弗里茨·斯特罗因克(F. Stroink)著/伏创宇等译.-北京:中国人民大学出版社,2013.11 |
| 401页;24cm.-(法学译丛.公法系列) |
| “十二五”国家重点图书出版规划 |
| ISBN 978-7-300-17087-9:CNY75.00 |
| 本书采用了比较分析的视角,对比利时、法国、德国、荷兰、英国、欧盟和美国的行政法进行了研究。内容包括比利时行政法——萨宾·勒斯特;法国行政法——琼·伯纳德·奥比等。 |
| ● |
| 相关链接 |
|
|
|
|
正题名:欧美比较行政法
索取号:D912.104/518
 
预约/预借
| 序号 | 登录号 | 条形码 | 馆藏地/架位号 | 状态 | 备注 |
| 1 | 0838177 | 208381776 | 第一样本阅览室/ [索取号:D912.104/518] | 在馆 | |
| 2 | 0838178 | 208381785 | 密集书库-史法系/ [索取号:D912.104/518] | 在馆 | |
| 3 | 0838179 | 208381794 | 第一借阅区/ [索取号:D912.104/518] | 在馆 |